| 000 | 00923cam a2200301 i 4500 | ||
|---|---|---|---|
| 001 | 4314 | ||
| 003 | CO-MdFUSB | ||
| 005 | 20240627125522.0 | ||
| 008 | 240627b |||||||| |||| 00| 0 eng d | ||
| 020 | _a0-916035-92-1 | ||
| 040 | _cCO-MdFUSB | ||
| 041 | 0 | _aeng | |
| 082 | 0 | 4 | _aG 234.8 O86c |
| 100 | 1 | _aOswalt, John N. | |
| 245 | 1 | 0 | _aCalled to be holy : a biblical perspective / John N. Oswalt |
| 260 | _a Evangel | ||
| 264 | 1 |
_bEvangel Publishing House, _aNappanee, Indiana, USA : _c[1999] |
|
| 264 | 4 | _c©1999 | |
| 300 | _a208 Pag | ||
| 336 |
_atexto _btxt _2rdacontent |
||
| 337 |
_2rdamedia _asin mediación _bn |
||
| 338 |
_2rdacarrier _avolumen _bnc |
||
| 505 |
_aIntroducción -- El Antiguo Testamento -- El Nuevo Testamento -- Caminando en santidad _tCalled to be holy |
||
| 653 | _asantificación \ cristianismo \ vida cristiana | ||
| 700 | _eautor | ||
| 942 | _cBK | ||
| 945 | _aFranklin Londoño | ||
| 999 |
_c34923 _d34923 |
||